Công nghệ sinh học nông nghiệp

Giáo trình công nghệ sinh học nông nghiệp sẽ cung cấp thông tin về các kỹ thuật nền của công nghệ sinh học, công nghệ sinh học trong trồng trọt, công nghệ sinh học trong chăn nuôi và thú y, an toàn sinh học trong công nghệ sinh học....

全面介紹

Đã lưu trong:
書目詳細資料
主要作者: Nguyễn, Quang Thạch
格式: 圖書
語言:Undetermined
出版: Hà Nội ĐH Nông nghiệp 2005
主題:
標簽: 添加標簽
沒有標簽, 成為第一個標記此記錄!
Thư viện lưu trữ: Trung tâm Học liệu Trường Đại học Cần Thơ
LEADER 01142nam a2200229Ia 4500
001 CTU_111040
008 210402s9999 xx 000 0 und d
020 |c 52500 
082 |a 660.6 
082 |b Th102 
100 |a Nguyễn, Quang Thạch 
245 0 |a Công nghệ sinh học nông nghiệp 
245 0 |c Nguyễn Quang Thạch, Nguyễn Thị Lý Anh, Nguyễn Thị Phương Thảo 
260 |a Hà Nội 
260 |b ĐH Nông nghiệp 
260 |c 2005 
520 |a Giáo trình công nghệ sinh học nông nghiệp sẽ cung cấp thông tin về các kỹ thuật nền của công nghệ sinh học, công nghệ sinh học trong trồng trọt, công nghệ sinh học trong chăn nuôi và thú y, an toàn sinh học trong công nghệ sinh học. 
526 |a Ứng dụng công nghệ sinh học trong bảo vệ cây trồng,Công nghệ sinh học trong bảo vệ thực vật 
526 |b NN706,NN609 
650 |a Agricultural biotechnology 
904 |i Tuyến 
980 |a Trung tâm Học liệu Trường Đại học Cần Thơ